Scholarly snapshots : the importance of child play as a human right /

Bibliographic Details
Corporate Author: EBSCOhost
Other Authors: Geneser, Vivien L., 1954- (Editor)
Format: eBook
Language:English
Published: Lanham, Maryland : Rowman & Littlefield, [2022]
Subjects:
Online Access:Connect to the full text of this electronic book

MARC

Tag First Indicator Second Indicator Subfields
LEADER 00000nam a2200000 i 4500
001 in00004584813
003 OCoLC
005 20220623113719.8
006 m o d
007 cr cnu---unuuu
008 220112s2022 mdua ob 000 0 eng
010 |a  2021059278 
024 8 |a 40031180756 
040 |a DLC  |b eng  |e rda  |c DLC  |d OCLCO  |d OCLCF  |d N$T  |d YDX 
019 |a 1296132684 
020 |a 9781475843200  |q electronic book 
020 |a 1475843208  |q electronic book 
020 |z 9781475843187  |q hardcover 
020 |z 9781475843194  |q paperback 
035 |a (OCoLC)1296691596  |z (OCoLC)1296132684 
042 |a pcc 
050 4 |a LB1137  |b .S323 2022 
082 0 0 |a 372.21  |2 23/eng/20220209 
245 0 0 |a Scholarly snapshots :  |b the importance of child play as a human right /  |c edited by Vivien L. Geneser. 
264 1 |a Lanham, Maryland :  |b Rowman & Littlefield,  |c [2022] 
300 |a 1 online resource ( xv, 153 pages) :  |b illustrations (some color). 
336 |a text  |b txt  |2 rdacontent 
337 |a computer  |b c  |2 rdamedia 
338 |a online resource  |b cr  |2 rdacarrier 
504 |a Includes bibliographical references. 
505 0 |a Introduction -- Friedrich Froebel 1782-1852 -- John Dewey 1859-1952 -- Maria Montessori 1870-1952 -- Johann Huizinga 1872-1945 -- Arnold Gesell 1880-1961 -- Margaret Naumberg 1890-1983 -- Jean Piaget 1896-1980 -- Lev Vygotsky 1896-1934 -- Urie Bronfenbrenner 1917-2005 -- Sara Smilansky 1922-2016 -- Brian Sutton-Smith 1924-2015 -- Vivian Paley 1929-2019 -- Joe L. Frost 1933-2020 -- Louise Derman-Sparks 1940- -- Olivia Saracho 1942- -- Valora Washington 1953- -- Article 31. 
588 |a Description based on online resource; title from digital title page (viewed on June 23, 2022). 
650 0 |a Play. 
650 0 |a Child development. 
650 0 |a Children's rights. 
650 2 |a Play and Playthings  |0 (DNLM)D010988 
650 2 |a Child Development  |0 (DNLM)D002657 
650 6 |a Jeu.  |0 (CaQQLa)201-0005933 
650 6 |a Enfants  |x DeÌ?veloppement.  |0 (CaQQLa)201-0013217 
650 6 |a Enfants  |x Droits.  |0 (CaQQLa)201-0065432 
650 7 |a play (recreation)  |2 aat  |0 (CStmoGRI)aat300263267 
650 7 |a Child development.  |2 fast  |0 (OCoLC)fst00854393 
650 7 |a Children's rights.  |2 fast  |0 (OCoLC)fst00856519 
650 7 |a Play.  |2 fast  |0 (OCoLC)fst01066938 
655 7 |a Electronic books.  |2 local 
700 1 |a Geneser, Vivien L.,  |d 1954-  |e editor. 
710 2 |a EBSCOhost 
776 1 8 |i Print version:  |t Scholarly snapshots  |d Lanham, Maryland : Rowman & Littlefield, [2022]  |z 9781475843187  |w (DLC) 2021059277 
856 4 0 |u http://proxy.library.tamu.edu/login?url=https://search.ebscohost.com/login.aspx?direct=true&scope=site&db=nlebk&db=nlabk&AN=3265822  |z Connect to the full text of this electronic book  |t 0 
945 |b 358317 
955 |a YBP purchased approval e-records 
980 |b ebook  |c 40031180756  |f NONFIC/B  |g 565751  |k USD  |m 145.60  |q 1  |s AcqMono Conventional  |t Approval plan  |u Vendor order reference number  |v ZYBP  |y E-approvals  |z Electronic resource 
999 f f |i f263abb4-b72b-4ec2-849a-775df74f6251  |s bdc170bf-9159-4071-9a56-b2188eadf56a  |t 0 
952 f f |a Texas A&M University  |b College Station  |c Electronic Resources  |s www_evans  |d Available Online  |t 0  |e LB1137 .S323 2022  |h Library of Congress classification